000 00810nam0a2200289 4500
001 RU\NLR\bibl\64500
005 20250616092755.0
010 _a5-7132-0099-Х
_9500
021 _aRU
_b99-39072
_91928
035 _a(NLR Aleph) 000062945
090 _a343801
_c343801
100 _a19991220d1997 |||y0rusy50 ca
101 0 _arus
102 _aRU
105 _ay |||||||||
200 1 _aВетреная ночь
_e[Стихотворения]
_fАлексей Лесовой
210 _aМ.
_cКнига
_d1997
215 _a49 с.
_d16
686 _aШ6(2=Р)75-5
700 1 _aЛесовой
_bА.
_gАлексей
_4070
801 0 _aRU
_bNLR
_c19991220
_gPSBO
801 1 _aRU
_bNLR
_c19991220
852 _aNLR
_j99-2/3009
942 _cBOOK
980 _aNB